[Event "BUL-chT2 64th"]
[Site "Sunny Beach"]
[Date "2015.06.02"]
[Round "3.3"]
[White "Ivanov, Ivelin"]
[Black "Ivanov, Bogidar"]
[Result "1/2-1/2"]
[WhiteElo "2045"]
[BlackElo "2197"]
[PlyCount "120"]
[EventDate "2015.05.31"]
[EventType "team-swiss"]
[EventRounds "7"]
[EventCountry "BUL"]
[SourceTitle "CBM 166 Extra"]
[Source "ChessBase"]
[SourceDate "2015.06.18"]
[SourceVersion "1"]
[SourceVersionDate "2015.06.18"]
[SourceQuality "1"]
[WhiteTeam "Silistra"]
[BlackTeam "Yambol Tundzha"]
[WhiteTeamCountry "BUL"]
[BlackTeamCountry "BUL"]

1. e4 Nc6 2. Nc3 d6 3. d4 e5 4. dxe5 Nxe5 5. Be2 Nf6 6. Nf3 Nxf3+ 7. Bxf3 Be7 8. Bf4 0-0 9. 0-0 Ne8 10. Qd2 c6 11. Rad1 Be6 12. Rfe1 Qd7 13. b3 Rd8 14. Qe3 b6 15. Nd5 Bh4 16. Nb4 a5 17. Nd3 Qc7 18. c4 Qb8 19. c5 bxc5 20. Nxc5 Qb5 21. Na4 Be7 22. Rc1 Rb8 23. Red1 Qb7 24. Qc3 g5 25. Bd2 g4 26. Bxg4 Bxg4 27. Qg3 h5 28. h3 Bh4 29. Qxh4 Bxd1 30. Rxd1 f6 31. Bh6 Rf7 32. Qxh5 Rh7 33. Qg6+ Kh8 34. Bf4 Qe7 35. Qg3 Qxe4 36. Nc3 Qc2 37. Rd2 Qf5 38. Bxd6 Rd8 39. Bf4 Rxd2 40. Bxd2 Rg7 41. Qh4+ Kg8 42. Qc4+ Kh7 43. Qxc6 Qxh3 44. Qe4+ f5 45. Qc6 Nf6 46. Bf4 Qh4 47. Be5 Ng4 48. Bg3 Qg5 49. Nd5 Qd2 50. Nf6+ Nxf6 51. Qxf6 Qc1+ 52. Kh2 Qh6+ 53. Qxh6+ Kxh6 54. Bf4+ Kg6 55. Bd2 Ra7 56. a3 Rb7 57. Bxa5 Rxb3 58. Bb4 f4 59. f3 Kf5 60. Bd6 Rd3 1/2-1/2

[Event "BUL-chT2"]
[Site "Sunny Beach"]
[Date "2014.09.22"]
[Round "4.3"]
[White "Tetimov, Ivan"]
[Black "Ivanov, Ivelin"]
[Result "1-0"]
[WhiteElo "2067"]
[BlackElo "2071"]
[PlyCount "83"]
[EventDate "2014.09.19"]
[EventType "team-swiss"]
[EventRounds "7"]
[EventCountry "BUL"]
[SourceTitle "EXT 2015"]
[Source "ChessBase"]
[SourceDate "2014.11.20"]
[SourceVersion "1"]
[SourceVersionDate "2014.11.20"]
[SourceQuality "1"]
[WhiteTeam "Blagoevgrad Victory"]
[BlackTeam "Silistra"]
[WhiteTeamCountry "BUL"]
[BlackTeamCountry "BUL"]

1. d4 c6 2. c4 d5 3. Nf3 Nf6 4. Qc2 a6 5. e3 g6 6. Bd3 Bg7 7. 0-0 b5 8. b3 0-0 9. Nbd2 dxc4 10. bxc4 Nbd7 11. Bb2 Bb7 12. e4 Nh5 13. Rfd1 Rc8 14. g3 Nb6 15. Rac1 Qd7 16. c5 Na4 17. Ba1 Qg4 18. Kh1 Rcd8 19. Bf1 Qc8 20. Bg2 Qc7 21. Nf1 Bc8 22. Ne3 Nf6 23. Ne5 Nd7 24. Nxd7 Rxd7 25. d5 Bxa1 26. Rxa1 Bb7 27. Rac1 Rdd8 28. Kg1 Bc8 29. f4 f6 30. Kh1 Kg7 31. Rd4 h5 32. Qd2 Qd7 33. e5 fxe5 34. fxe5 cxd5 35. c6 Qc7 36. Nxd5 Qxe5 37. Re1 Qd6 38. Rxe7+ Rf7 39. Rxf7+ Kxf7 40. Qh6 Rg8 41. Rf4+ Ke6 42. Rf6+ 1-0

[Event "BUL-chT GpB 63rd"]
[Site "Sunny Beach"]
[Date "2013.09.19"]
[Round "1.5"]
[White "Yotov, Yoto"]
[Black "Ivanov, Ivelin"]
[Result "1-0"]
[WhiteElo "2049"]
[BlackElo "2116"]
[PlyCount "70"]
[EventDate "2013.09.19"]
[EventType "team-tourn"]
[EventRounds "9"]
[EventCountry "BUL"]
[SourceTitle "CBM 156 Extra"]
[Source "ChessBase"]
[SourceDate "2013.10.22"]
[SourceVersion "1"]
[SourceVersionDate "2013.10.22"]
[SourceQuality "1"]
[WhiteTeam "Lovech"]
[BlackTeam "Silistra"]
[WhiteTeamCountry "BUL"]
[BlackTeamCountry "BUL"]

1. d4 f5 2. Nf3 g6 3. g3 Nf6 4. Bg2 Bg7 5. 0-0 0-0 6. c4 d6 7. Nc3 Nc6 8. e3 h6 9. b3 a6 10. Bb2 Qe8 11. d5 Nd8 12. Nd4 c5 13. Nde2 g5 14. h3 Qh5 15. f4 Rb8 16. a4 Ne4 17. Rb1 gxf4 18. exf4 Nf6 19. Qd3 Nf7 20. Rf3 b5 21. axb5 axb5 22. Nxb5 Rb7 23. Re3 Ne4 24. Bxg7 Kxg7 25. g4 Qg6 26. Bxe4 fxe4 27. Qxe4 Qf6 28. Ng3 Qg6 29. Qxg6+ Kxg6 30. Rbe1 Re8 31. Kg2 Rd7 32. Nf5 Ba6 33. Re6+ Kh7 34. Rxe7 Rexe7 35. Rxe7 Bc8 1-0

[Event "BUL-chT-B 62nd"]
[Site "Sunny Beach"]
[Date "2012.09.19"]
[Round "1.6"]
[White "Ivanov, Ivelin"]
[Black "Marinov, Petyo"]
[Result "1/2-1/2"]
[WhiteElo "2088"]
[BlackElo "2049"]
[PlyCount "61"]
[EventDate "2012.09.19"]
[EventType "team-swiss"]
[EventRounds "7"]
[EventCountry "BUL"]
[SourceTitle "CBM 150 Extra"]
[Source "ChessBase"]
[SourceDate "2012.10.19"]
[SourceVersion "1"]
[SourceVersionDate "2012.10.19"]
[SourceQuality "1"]
[WhiteTeam "Silistra"]
[BlackTeam "Pleven Spartak XXI"]
[WhiteTeamCountry "BUL"]
[BlackTeamCountry "BUL"]

1. f4 d5 2. Nf3 Bg4 3. g3 Bxf3 4. exf3 e6 5. b3 Be7 6. Bb2 Bf6 7. Nc3 Ne7 8. Qe2 a6 9. h4 Nf5 10. Qg2 b5 11. Bd3 b4 12. Na4 Bxb2 13. Nxb2 Qf6 14. 0-0-0 Nd7 15. Bxf5 Qxf5 16. d4 c5 17. Qd2 a5 18. g4 Qf6 19. dxc5 Nxc5 20. Qd4 Qxd4 21. Rxd4 0-0 22. Kd2 Rfc8 23. Rc1 Ra6 24. Nd1 Rac6 25. Ne3 Kf8 26. Ra1 Nb7 27. a3 bxa3 28. Rxa3 Rc3 29. Ra2 Ke7 30. Rd3 Rxd3+ 31. Kxd3 1/2-1/2

[Event "BUL-chT2"]
[Site "Albena"]
[Date "2011.06.06"]
[Round "7.1"]
[White "Yotov, Hristo"]
[Black "Ivanov, Ivelin"]
[Result "0-1"]
[WhiteElo "1987"]
[BlackElo "1923"]
[PlyCount "90"]
[EventDate "2011.06.02"]
[EventType "team-tourn"]
[EventRounds "9"]
[EventCountry "BUL"]
[SourceTitle "CBM 142 Extra"]
[Source "ChessBase"]
[SourceDate "2011.06.27"]
[SourceVersion "1"]
[SourceVersionDate "2011.06.27"]
[SourceQuality "1"]
[WhiteTeam "Lovech"]
[BlackTeam "Silistra"]
[WhiteTeamCountry "BUL"]
[BlackTeamCountry "BUL"]

1. d4 f5 2. c4 g6 3. Nc3 Nf6 4. Nf3 Bg7 5. Bg5 Ne4 6. Bf4 d6 7. e3 c5 8. Bd3 Qa5 9. Qa4+ Qxa4 10. Nxa4 Bd7 11. Nc3 Nxc3 12. bxc3 Nc6 13. Be2 e5 14. Bg3 cxd4 15. cxd4 exd4 16. exd4 Nxd4 17. Nxd4 Bxd4 18. Rb1 Bc6 19. 0-0 0-0-0 20. Rb3 g5 21. h3 f4 22. Bg4+ Kc7 23. Bh2 h5 24. Bf3 Bxf3 25. Rxf3 h4 26. Rd3 Be5 27. Re1 b6 28. f3 Kb7 29. Kf1 Rc8 30. Re4 Rc6 31. Bg1 Rhc8 32. Bd4 Rxc4 33. Bxe5 Rxe4 34. fxe4 dxe5 35. Rd5 Rc5 36. Rd6 b5 37. Rg6 a5 38. Rxg5 b4 39. Rg7+ Kb6 40. Rg8 Rc2 41. Rb8+ Kc7 42. Rb5 Rxa2 43. Ke1 Kc6 44. Rxe5 b3 45. Kd1 Ra1+ 0-1

[Event "BUL-chT2"]
[Site "Albena"]
[Date "2011.06.02"]
[Round "1.1"]
[White "Ivanov, Ivelin"]
[Black "Ivelinov, Hristo"]
[Result "1/2-1/2"]
[WhiteElo "1923"]
[BlackElo "2236"]
[PlyCount "75"]
[EventDate "2011.06.02"]
[EventType "team-tourn"]
[EventRounds "9"]
[EventCountry "BUL"]
[SourceTitle "CBM 142 Extra"]
[Source "ChessBase"]
[SourceDate "2011.06.27"]
[SourceVersion "1"]
[SourceVersionDate "2011.06.27"]
[SourceQuality "1"]
[WhiteTeam "Silistra"]
[BlackTeam "Jambol Tundja"]
[WhiteTeamCountry "BUL"]
[BlackTeamCountry "BUL"]

1. Nf3 d5 2. g3 Nf6 3. Bg2 c6 4. 0-0 Bf5 5. d3 e6 6. c4 h6 7. a3 Be7 8. b4 Nbd7 9. Nc3 0-0 10. Qb3 a5 11. Bd2 Qc7 12. Rfc1 dxc4 13. Qxc4 axb4 14. axb4 e5 15. Rxa8 Rxa8 16. Qb3 Be6 17. Qb2 Qb6 18. Rb1 Qa7 19. b5 Bc5 20. e3 Ba3 21. Qc2 Bd6 22. d4 Rc8 23. bxc6 bxc6 24. Nb5 Qb8 25. Nxd6 Qxd6 26. Bc3 e4 27. Nd2 c5 28. Nxe4 Nxe4 29. Qxe4 Nf6 30. Qf4 Qxf4 31. gxf4 Nd5 32. Bxd5 Bxd5 33. dxc5 Rxc5 34. Rc1 Rc6 35. f3 Bxf3 36. Kf2 Be4 37. Bb2 Rd6 38. Bc3 1/2-1/2